Strengthening the Responsibility to Protect (Record no. 43711)

MARC details
003 - CONTROL NUMBER IDENTIFIER
control field 0199074
005 - DATE AND TIME OF LATEST TRANSACTION
control field 20251011171502.0
028 ## - PUBLISHER NUMBER
Publisher number 9781032494999
040 ## - CATALOGING SOURCE
Description conventions rda
050 ## - LIBRARY OF CONGRESS CALL NUMBER
Classification number JZ 6368
Item number .I45 2024
100 ## - MAIN ENTRY--PERSONAL NAME
Relator code Author
Personal name Illingworth Richard
245 ## - TITLE STATEMENT
Title Strengthening the Responsibility to Protect
Remainder of title A Transitional Cosmopolitan Approach/
Statement of responsibility, etc Richard Illingworth
260 ## - PUBLICATION, DISTRIBUTION, ETC. (IMPRINT)
Place of publication, distribution, etc New York
Name of publisher, distributor, etc Routledge
Date of publication, distribution, etc 2024
264 ## - PUBLICATION, DISTRIBUTION, ETC. (IMPRINT)
Place of publication, distribution, etc New York
Name of publisher, distributor, etc Routledge
Date of publication, distribution, etc 2024
300 ## - PHYSICAL DESCRIPTION
Extent ix, 221p.:
336 ## - CONTENT TYPE
Source rdacontent
338 ## - CARRIER TYPE
Source rdacarrier
500 ## - GENERAL NOTE
General note index
504 ## - BIBLIOGRAPHY, ETC. NOTE
Bibliography, etc Index
942 ## - ADDED ENTRY ELEMENTS (KOHA)
Source of classification or shelving scheme Library of Congress Classification
Koha item type Books
Holdings
Withdrawn status Lost status Source of classification or shelving scheme Damaged status Not for loan Permanent Location Current Location Date acquired Inventory number Total Checkouts Full call number Date last seen Price effective from Koha item type
    Library of Congress Classification     NILE UNIVERSITY OF NIGERIA - MAIN LIBRARY NILE UNIVERSITY OF NIGERIA - MAIN LIBRARY 10/11/2025 0199074   JZ 6368 .I45 2024 10/11/2025 10/11/2025 Books
    Library of Congress Classification     NILE UNIVERSITY OF NIGERIA - MAIN LIBRARY NILE UNIVERSITY OF NIGERIA - MAIN LIBRARY 10/11/2025 0199075   JZ 6368 .I45 2024 10/11/2025 10/11/2025 Books